Rihanna - Chansons commençant par W - Statistiques

Statistiques générales
  • Ce quiz a été pris 14 fois
  • Le résultat moyen est 4 sur 12
Statistiques - réponses
W % Correct
Where Have You Been
73%
Work
64%
We Found Love
45%
What Now
45%
What's My Name?
36%
Wait Your Turn
18%
We All Want Love
18%
Who's that chick (Doritos Night)
18%
Woo
18%
Watch n' Learn
9%
We Ride
9%
Willing to Wait
0%
Aucun quiz correspondant
Distribution des résultats
% des personnes avec chaque résultat
Percentile par nombre de réponses
Votre historique - résultats
Vous n’avez pas pris ce quiz